[Event "GER-chT U12"]
[Site "Arendsee"]
[Date "2009.12.30"]
[Round "7.1"]
[White "Huemmecke, Aaron"]
[Black "Groening, Finn Jonathan"]
[Result "0-1"]
[WhiteElo "1614"]
[BlackElo "1731"]
[PlyCount "84"]
[EventDate "2009.12.27"]
[EventType "team-swiss"]
[EventRounds "7"]
[EventCountry "GER"]
[SourceTitle "EXT 2022"]
[Source "ChessBase"]
[SourceDate "2021.10.06"]
[SourceVersion "1"]
[SourceVersionDate "2021.10.06"]
[SourceQuality "1"]
[WhiteTeam "Brackel SF U12"]
[BlackTeam "Hamburger SK U12"]
[WhiteTeamCountry "GER"]
[BlackTeamCountry "GER"]

1. e4 c5 2. c3 Nf6 3. e5 Nd5 4. d4 cxd4 5. Nf3 Nc6 6. cxd4 d6 7. exd6 Qxd6 8. Be2 Bf5 9. Be3 Qb4+ 10. Qd2 Qxd2+ 11. Nbxd2 Ncb4 12. Bb5+ Bd7 13. Bxd7+ Kxd7 14. 0-0 f6 15. Ne4 e6 16. Nc3 Nc2 17. Rac1 Ncxe3 18. fxe3 Nxe3 19. Rf2 Rc8 20. Re2 Nd5 21. Rce1 Nxc3 22. bxc3 Rc6 23. Re3 Ra6 24. R1e2 Bd6 25. Kf1 Bf4 26. Rd3 Rc8 27. Rb2 Rb6 28. Rxb6 axb6 29. d5 e5 30. g3 e4 31. Rd4 Bxg3 32. hxg3 exf3 33. c4 Ra8 34. Rd2 Kd6 35. Kf2 b5 36. Kxf3 bxc4 37. Ke4 Ra5 38. Rc2 Rc5 39. a4 g6 40. g4 h6 41. Rc3 b6 42. Rc1 c3 0-1

[Event "GER-ch U12"]
[Site "Willingen"]
[Date "2009.06.06"]
[Round "11"]
[White "Keller, Peter1111"]
[Black "Huemmecke, Aaron"]
[Result "1-0"]
[WhiteElo "1458"]
[BlackElo "1578"]
[PlyCount "71"]
[EventDate "2009.05.30"]
[EventType "swiss"]
[EventRounds "11"]
[EventCountry "GER"]
[SourceTitle "EXT 2010"]
[Source "ChessBase"]
[SourceDate "2010.11.25"]
[SourceVersion "1"]
[SourceVersionDate "2010.11.25"]
[SourceQuality "1"]

1. e4 e5 2. Bc4 Nf6 3. d3 c6 4. Nf3 d6 5. Nc3 Be7 6. 0-0 0-0 7. Bg5 Be6 8. Bb3 h6 9. Bh4 Nh7 10. Bxe7 Qxe7 11. Nd2 Qg5 12. Nc4 Rd8 13. Re1 Na6 14. Re3 Nc5 15. d4 Nxb3 16. axb3 b5 17. Na5 b4 18. Na2 c5 19. d5 Bc8 20. Nc6 Rd7 21. Qd3 Nf6 22. Nc1 Nh5 23. Ne2 Rb7 24. Na5 Rc7 25. Nc4 Nf4 26. Nxf4 exf4 27. Ree1 Qg6 28. Qf3 Qf6 29. g3 fxg3 30. Qxg3 a5 31. Nxd6 Qxb2 32. Nc4 Qxc2 33. Qxc7 Qxb3 34. Nb6 Ba6 35. Nxa8 Qf3 36. Qg3 1-0

[Event "GER-ch U12"]
[Site "Willingen"]
[Date "2009.06.05"]
[Round "10"]
[White "Huemmecke, Aaron"]
[Black "Groening, Finn Jonathan"]
[Result "1-0"]
[WhiteElo "1578"]
[BlackElo "1513"]
[PlyCount "131"]
[EventDate "2009.05.30"]
[EventType "swiss"]
[EventRounds "11"]
[EventCountry "GER"]
[SourceTitle "EXT 2010"]
[Source "ChessBase"]
[SourceDate "2010.11.25"]
[SourceVersion "1"]
[SourceVersionDate "2010.11.25"]
[SourceQuality "1"]

1. e4 c6 2. d4 d5 3. exd5 cxd5 4. c4 Nf6 5. Nc3 e6 6. Nf3 Bb4 7. cxd5 Nxd5 8. Bd2 Nf6 9. a3 Ba5 10. Bd3 0-0 11. Bg5 h6 12. Bh4 Nc6 13. 0-0 Bb6 14. Ne2 Qe7 15. Bc2 Rd8 16. Bg3 e5 17. Bxe5 Nxe5 18. Nxe5 Bxd4 19. Nxd4 Qxe5 20. Nf3 Rxd1 21. Nxe5 Rxa1 22. Rxa1 Be6 23. Rd1 Rc8 24. Bb1 Bb3 25. Re1 Re8 26. Nf3 Rxe1+ 27. Nxe1 Bd5 28. Kf1 Kf8 29. Ke2 Ke7 30. g3 Kd6 31. f4 a6 32. Nf3 Bxf3+ 33. Kxf3 Kc5 34. Ba2 Kd4 35. Bxf7 Kd3 36. b3 Nd7 37. Bd5 b6 38. b4 Kc3 39. Ke4 Nf6+ 40. Ke5 Nxd5 41. Kxd5 Kb3 42. Ke6 Kxa3 43. Kf7 Kb3 44. Kxg7 a5 45. bxa5 bxa5 46. f5 a4 47. f6 a3 48. f7 a2 49. f8Q a1Q+ 50. Qf6 Qg1 51. Qxh6 Kc4 52. Qf4+ Kd5 53. h4 Ke6 54. g4 Qa7+ 55. Kg6 Qa8 56. Qf5+ Ke7 57. Qf6+ Kd7 58. h5 Qg2 59. g5 Qc2+ 60. Qf5+ Qxf5+ 61. Kxf5 Ke7 62. g6 Kf8 63. Kf6 Kg8 64. g7 Kh7 65. Kf7 Kh6 66. g8Q 1-0

[Event "GER-ch U12"]
[Site "Willingen"]
[Date "2009.06.04"]
[Round "8"]
[White "Huemmecke, Aaron"]
[Black "Senf, Paul"]
[Result "1-0"]
[WhiteElo "1578"]
[BlackElo "1330"]
[PlyCount "65"]
[EventDate "2009.05.30"]
[EventType "swiss"]
[EventRounds "11"]
[EventCountry "GER"]
[SourceTitle "EXT 2010"]
[Source "ChessBase"]
[SourceDate "2010.11.25"]
[SourceVersion "1"]
[SourceVersionDate "2010.11.25"]
[SourceQuality "1"]

1. e4 c6 2. d4 d5 3. f3 dxe4 4. fxe4 e5 5. Nf3 Bg4 6. Bc4 Nf6 7. Bxf7+ Ke7 8. Bd2 Na6 9. c3 g6 10. h3 Bd7 11. Nxe5 Bg7 12. Qf3 Nc7 13. c4 a5 14. 0-0 Bxh3 15. Qa3+ Qd6 16. Qxd6+ Kxd6 17. gxh3 Nxe4 18. Bf4 Ke7 19. Re1 Bxe5 20. Rxe4 Kxf7 21. Bxe5 Rhe8 22. Nc3 Ne6 23. Rf1+ Kg8 24. Re3 Nxd4 25. Bxd4 Red8 26. Rf4 g5 27. Rfe4 h6 28. Ne2 Rac8 29. Re7 c5 30. Bc3 b6 31. Rg7+ Kf8 32. Rf3+ Ke8 33. Rg8+ 1-0

[Event "GER-ch U12"]
[Site "Willingen"]
[Date "2009.06.03"]
[Round "6"]
[White "Huemmecke, Aaron"]
[Black "Xiong, Ferdinand"]
[Result "1/2-1/2"]
[WhiteElo "1578"]
[BlackElo "1815"]
[PlyCount "63"]
[EventDate "2009.05.30"]
[EventType "swiss"]
[EventRounds "11"]
[EventCountry "GER"]
[SourceTitle "EXT 2010"]
[Source "ChessBase"]
[SourceDate "2010.11.25"]
[SourceVersion "1"]
[SourceVersionDate "2010.11.25"]
[SourceQuality "1"]

1. e4 c5 2. c3 d5 3. exd5 Qxd5 4. d4 Nf6 5. dxc5 Qxd1+ 6. Kxd1 e5 7. b4 Be6 8. Nf3 Nbd7 9. Bb5 0-0-0 10. Kc2 Bf5+ 11. Kb2 Ng4 12. Rf1 f6 13. h3 Nh6 14. Na3 Be6 15. Be3 Nf5 16. Rad1 Nxe3 17. fxe3 Be7 18. Nc4 Nb8 19. e4 Kc7 20. Ne3 a6 21. Ba4 Rxd1 22. Rxd1 Bd8 23. Rd6 Bf7 24. Nd5+ Kc8 25. Nd2 Bg6 26. Kc1 h5 27. h4 Rh6 28. Nc4 Bxe4 29. Ncb6+ Bxb6 30. Nxb6+ Kc7 31. Na8+ Kc8 32. Nb6+ 1/2-1/2

[Event "GER-ch U12"]
[Site "Willingen"]
[Date "2009.05.31"]
[Round "2"]
[White "Huemmecke, Aaron"]
[Black "Wagner, Dennis"]
[Result "0-1"]
[WhiteElo "1578"]
[BlackElo "2024"]
[PlyCount "108"]
[EventDate "2009.05.30"]
[EventType "swiss"]
[EventRounds "11"]
[EventCountry "GER"]
[SourceTitle "EXT 2010"]
[Source "ChessBase"]
[SourceDate "2010.11.25"]
[SourceVersion "1"]
[SourceVersionDate "2010.11.25"]
[SourceQuality "1"]

1. e4 e5 2. Nf3 Nc6 3. Bb5 a6 4. Bxc6 dxc6 5. Nc3 f6 6. d4 exd4 7. Qxd4 Qxd4 8. Nxd4 Bd7 9. Bf4 Bd6 10. Bg3 0-0-0 11. 0-0-0 Ne7 12. f4 Ng6 13. Rhf1 Rhe8 14. Nb3 b6 15. a3 c5 16. Nd5 Bb5 17. Rfe1 Bc6 18. f5 Bxg3 19. hxg3 Bxd5 20. exd5 Rxe1 21. Rxe1 Ne5 22. Rd1 c4 23. Nd4 Rxd5 24. Ne6 Rxd1+ 25. Kxd1 g5 26. fxg6 hxg6 27. Ke2 Kd7 28. Nd4 Kd6 29. Ke3 b5 30. Ne2 c5 31. Nc3 Kc6 32. Kf4 Nd7 33. Ke4 b4 34. axb4 cxb4 35. Nd5 Kc5 36. Ne7 Ne5 37. Nd5 Nd7 38. Ne7 Nf8 39. Nd5 Nh7 40. Ne7 Nf8 41. Nd5 a5 42. b3 cxb3 43. cxb3 f5+ 44. Ke5 Nd7+ 45. Ke6 Nf8+ 46. Ke5 Nd7+ 47. Ke6 Kd4 48. Ne7 Nc5+ 49. Kf6 Nxb3 50. Nc6+ Kc5 51. Ne5 a4 52. Nd3+ Kc4 53. Nb2+ Kb5 54. Nxa4 Kxa4 0-1

[Event "NRW-ch U12"]
[Site "Kranenburg"]
[Date "2009.04.14"]
[Round "2"]
[White "Huckebrink, Chris"]
[Black "Huemmecke, Aaron"]
[Result "0-1"]
[WhiteElo "1386"]
[BlackElo "1549"]
[PlyCount "98"]
[EventDate "2009.04.13"]
[EventType "swiss"]
[EventRounds "7"]
[EventCountry "GER"]
[SourceTitle "EXT 2010"]
[Source "ChessBase"]
[SourceDate "2010.11.25"]
[SourceVersion "1"]
[SourceVersionDate "2010.11.25"]
[SourceQuality "1"]

1. e4 e5 2. Nf3 Nc6 3. Bc4 Nf6 4. d3 Bc5 5. Nc3 h6 6. Be3 Bb6 7. Qd2 d6 8. Nd5 Be6 9. Nxb6 axb6 10. Qc3 Bxc4 11. Qxc4 d5 12. exd5 Qxd5 13. Qxd5 Nxd5 14. a3 0-0 15. 0-0-0 Rfe8 16. d4 e4 17. Nd2 b5 18. c3 f5 19. g3 g5 20. Rhg1 Kh7 21. Nb3 f4 22. gxf4 gxf4 23. Bd2 e3 24. fxe3 fxe3 25. Be1 Nf4 26. Bg3 Ne2+ 27. Kc2 Nxg1 28. Rxg1 Re7 29. Nc5 b6 30. Nd3 Rae8 31. Be5 Nxe5 32. Nxe5 Rg8 33. Rxg8 Kxg8 34. Kd3 Rg7 35. Nf3 e2 36. Ne1 Re7 37. b3 Kf7 38. Kd2 Kf6 39. a4 bxa4 40. bxa4 Kf5 41. c4 Ke4 42. Nc2 Rg7 43. c5 bxc5 44. dxc5 Kd5 45. c6 Kxc6 46. Nd4+ Kb6 47. Nxe2 Rg2 48. Kd3 Rxh2 49. Nf4 Rh4 0-1

[Event "GER-ch U25 op"]
[Site "Willingen"]
[Date "2008.05.16"]
[Round "8"]
[White "Wachinger, David"]
[Black "Huemmecke, Aaron"]
[Result "1/2-1/2"]
[WhiteElo "1179"]
[BlackElo "1466"]
[PlyCount "75"]
[EventDate "2008.05.11"]
[EventType "swiss"]
[EventRounds "9"]
[EventCountry "GER"]
[SourceTitle "CBM 124 Extra"]
[Source "ChessBase"]
[SourceDate "2008.07.03"]
[SourceVersion "1"]
[SourceVersionDate "2008.07.03"]
[SourceQuality "1"]

1. d4 d5 2. c4 e6 3. Nc3 Nf6 4. Bg5 Nbd7 5. Nf3 c6 6. e3 Be7 7. Bd3 dxc4 8. Bxc4 b5 9. Bd3 a6 10. 0-0 Bb7 11. Rc1 c5 12. Nd2 cxd4 13. exd4 e5 14. Be3 0-0 15. Re1 exd4 16. Bxd4 Bd6 17. Nde4 Nxe4 18. Bxe4 Bxe4 19. Nxe4 Be7 20. Qg4 Nf6 21. Nxf6+ Bxf6 22. Bxf6 Qxf6 23. Qe2 h6 24. b3 Rac8 25. h3 Qg5 26. Rcd1 f5 27. Qe6+ Kh7 28. Qxa6 f4 29. Qd6 f3 30. g3 Qh5 31. Kh2 Qf5 32. Qd3 Qxd3 33. Rxd3 Rc2 34. Kg1 Rxa2 35. Rb1 Re8 36. Rxf3 Ree2 37. Kf1 b4 38. Kg2 1/2-1/2

[Event "GER-ch U25 op"]
[Site "Willingen"]
[Date "2008.05.13"]
[Round "5"]
[White "Huemmecke, Aaron"]
[Black "Bangert, Benjamin"]
[Result "0-1"]
[WhiteElo "1466"]
[BlackElo "1227"]
[PlyCount "124"]
[EventDate "2008.05.11"]
[EventType "swiss"]
[EventRounds "9"]
[EventCountry "GER"]
[SourceTitle "CBM 124 Extra"]
[Source "ChessBase"]
[SourceDate "2008.07.03"]
[SourceVersion "1"]
[SourceVersionDate "2008.07.03"]
[SourceQuality "1"]

1. e4 e6 2. d4 d5 3. exd5 exd5 4. Nf3 Bf5 5. Bf4 Nf6 6. a3 Be7 7. Nc3 c6 8. h3 0-0 9. Bd3 Qc8 10. g4 Bxd3 11. Qxd3 Re8 12. 0-0-0 b5 13. Be5 Nbd7 14. Ng5 g6 15. Qf3 Rf8 16. h4 Nxe5 17. dxe5 Qxg4 18. exf6 Qxf3 19. Nxf3 Bxf6 20. Na2 a5 21. h5 Rfe8 22. hxg6 fxg6 23. Rde1 Rf8 24. c3 Bxc3 25. Nxc3 Rxf3 26. Re7 Rf7 27. Rxf7 Kxf7 28. Rxh7+ Kf6 29. Rc7 Ra6 30. Kd2 g5 31. Ke3 Ke5 32. Kf3 d4 33. Ne4 g4+ 34. Kxg4 Kxe4 35. Re7+ Kd3 36. f4 Kd2 37. f5 d3 38. f6 Ra8 39. f7 Rf8 40. Rc7 Kc2 41. b4 a4 42. Rxc6+ Kb3 43. Rd6 Kxa3 44. Rxd3+ Kxb4 45. Rf3 a3 46. Rf4+ Ka5 47. Rf3 b4 48. Rf5+ Ka4 49. Kg5 a2 50. Rf6 b3 51. Kg6 b2 52. Kg7 Rxf7+ 53. Rxf7 a1Q 54. Ra7+ Kb5 55. Rb7+ Kc6 56. Rf7 b1Q+ 57. Kh6 Qh8+ 58. Kg5 Qg8+ 59. Rg7 Qxg7+ 60. Kf4 Qf1+ 61. Ke4 Qe7+ 62. Kd4 Qc5+ 0-1

[Event "Saarbruecken-chT U20"]
[Site "Saarbruecken"]
[Date "2006.11.21"]
[Round "1.8"]
[White "Rosenfeld, Elisabeth"]
[Black "Huemmecke, Aaron"]
[Result "1-0"]
[WhiteElo "1291"]
[BlackElo "1254"]
[PlyCount "69"]
[EventDate "2006.11.??"]
[EventType "team"]
[EventRounds "7"]
[EventCountry "GER"]
[SourceTitle "EXT 2008"]
[Source "ChessBase"]
[SourceDate "2007.11.25"]
[SourceVersion "1"]
[SourceVersionDate "2007.11.25"]
[SourceQuality "1"]

1. e4 e5 2. Nf3 Nc6 3. d4 exd4 4. Nxd4 Qf6 5. Be3 Bc5 6. c3 Nge7 7. Bc4 d6 8. 0-0 a6 9. Na3 Bxa3 10. bxa3 0-0 11. f4 b5 12. Bb3 Bb7 13. Qd3 Na5 14. Rf3 Nxb3 15. axb3 c5 16. Nc2 d5 17. e5 Qf5 18. Qxf5 Nxf5 19. Bxc5 Rfc8 20. Nd4 Nh4 21. Rh3 Nxg2 22. Kxg2 Rxc5 23. Kg1 Rac8 24. Rc1 a5 25. b4 axb4 26. axb4 Rc4 27. Nf5 R8c7 28. Nd6 Rxf4 29. Nxb5 Re7 30. Nd6 Ba8 31. Ra1 Bc6 32. b5 Bd7 33. Ra8+ Be8 34. Nxe8 Ra4 35. Nf6# 1-0

[Event "GER-ch U10"]
[Site "Willingen"]
[Date "2006.06.04"]
[Round "1"]
[White "Huemmecke, Aaron"]
[Black "Lagunow, Elina"]
[Result "0-1"]
[WhiteElo "1260"]
[BlackElo "1683"]
[PlyCount "36"]
[EventDate "2006.06.04"]
[EventType "swiss"]
[EventRounds "11"]
[EventCountry "GER"]
[SourceTitle "EXT 2007"]
[Source "ChessBase"]
[SourceDate "2006.11.23"]
[SourceVersion "1"]
[SourceVersionDate "2006.11.23"]
[SourceQuality "1"]

1. e4 e5 2. f4 d5 3. exd5 Bd6 4. Nf3 f6 5. fxe5 fxe5 6. Nxe5 Nf6 7. Bb5+ Nbd7 8. Bxd7+ Bxd7 9. Nxd7 Qxd7 10. Qe2+ Be7 11. Nc3 0-0 12. Qe6+ Qxe6+ 13. dxe6 Bd6 14. 0-0 Rae8 15. Re1 Ng4 16. h3 Bg3 17. Re2 Bh2+ 18. Kh1 Rf1# 0-1

[Event "Moehnesee Cup-B"]
[Site "Moehnesee"]
[Date "2005.08.20"]
[Round "4"]
[White "Huemmecke, Aaron"]
[Black "Nellesen, Sebastian"]
[Result "0-1"]
[WhiteElo "846"]
[BlackElo "1164"]
[PlyCount "84"]
[EventDate "2005.08.18"]
[EventType "swiss"]
[EventRounds "7"]
[EventCountry "GER"]
[SourceTitle "CBM 108 Extra"]
[Source "ChessBase"]
[SourceDate "2005.11.04"]
[SourceVersion "1"]
[SourceVersionDate "2005.11.04"]
[SourceQuality "1"]

1. e4 e5 2. Nf3 Nc6 3. d4 exd4 4. Nxd4 Bc5 5. Be3 Qf6 6. c3 Nge7 7. Bc4 0-0 8. Qd3 Ne5 9. Qe2 c6 10. Bb3 Qg6 11. f3 d5 12. Bc2 dxe4 13. fxe4 Bg4 14. Qf1 Bb6 15. Nd2 f5 16. exf5 Nxf5 17. Bxf5 Bxf5 18. Nxf5 Rxf5 19. Qe2 Re8 20. Ne4 Nf7 21. Bxb6 axb6 22. Nf6+ gxf6 23. Qxe8+ Kg7 24. Rf1 Re5+ 25. Qxe5 Nxe5 26. 0-0-0 Qh6+ 27. Kc2 Nc4 28. Kb3 Ne3 29. Rd7+ Kg6 30. Rf3 Nf5 31. h3 Qf8 32. Rxb7 Qg8+ 33. Kc2 Qc4 34. Rd3 Qe4 35. Kd2 Qxg2+ 36. Ke1 Ng3 37. Re3 Kf5 38. Rxh7 Kf4 39. Re6 f5 40. Rh4+ Kf3 41. a4 Ne4 42. Rxc6 Qe2# 0-1

[Event "GER-ch U10"]
[Site "Willingen"]
[Date "2005.05.20"]
[Round "10"]
[White "Maedge, Rico"]
[Black "Huemmecke, Aaron"]
[Result "0-1"]
[WhiteElo "826"]
[BlackElo "770"]
[PlyCount "35"]
[EventDate "2005.05.14"]
[EventType "swiss"]
[EventRounds "11"]
[EventCountry "GER"]
[SourceTitle "CBM 106 Extra"]
[Source "ChessBase"]
[SourceDate "2005.07.01"]
[SourceVersion "1"]
[SourceVersionDate "2005.07.01"]
[SourceQuality "1"]

1. d4 d5 2. Nf3 Nf6 3. Nc3 Nc6 4. e3 Bf5 5. Bd3 Bxd3 6. Qxd3 e6 7. Qb5 a6 8. Qxb7 Nb4 9. 0-0 Rb8 10. Qa7 Nxc2 11. Rb1 Nb4 12. a3 Ra8 13. Qb7 Nd3 14. Qc6+ Nd7 15. e4 dxe4 16. Bg5 f6 17. Qxe6+ Qe7 18. Qd5 0-1